000 00458nam a2200169Ia 4500
008 090711s9999 xx 000 0 und d
082 _b64692
100 _aबांदोडकर व. पु.
245 _aनि: पात
260 _c1990
300 _a174
600 _aबांदोडकर व. पु.
630 _aनि: पात
700 _aबांदोडकर व. पु.
730 _aनि: पात
942 _cBOOK
999 _c298986
_d298986